Capitales sans les lettres de "Dublin" - Statistiques

Statistiques générales
  • Ce quiz a été pris 9 fois
    4 depuis la dernière actualisation
  • Le résultat moyen est 3 sur 12
Statistiques - réponses
Continents Capitales % Correct
Asie Jakarta
75%
Asie Tokyo
75%
Europe Rome
50%
Asie Mascate
25%
Amérique du Nord Ottawa
25%
Afrique Accra
0%
Afrique Asmara
0%
Amérique du Sud Caracas
0%
Afrique Harare
0%
Afrique São Tomé
0%
Europe Sarajevo
0%
Europe Skopje
0%
Aucun quiz correspondant
Distribution des résultats
% des personnes avec chaque résultat
Percentile par nombre de réponses
Votre historique - résultats
Vous n’avez pas pris ce quiz depuis la dernière actualisation